Bücher: Die Eberhofer-Krimis - Statistiken

Allgemein
  • Dieses Quiz wurde 183 mal gespielt
    133 seit der letzten Aktualisierung
  • Das Durchschnittsergebnis liegt bei 9 aus 12
Antwortstatistiken
Jahr Roman % Korrekt
2013 {Sauerkraut}koma
95%
2016 {Leberkäs}junkie
92%
2011 {Schweinskopf} al dente
87%
2011 {Dampfnudel}blues
83%
2012 {Grießnockerl}affäre
76%
2021 {Rehragout}-Rendezvous
76%
2010 {Winterkartoffel}knödel
75%
2018 {Kaiserschmarrn}drama
68%
2019 {Guglhupf}geschwader
66%
2016 {Weißwurst}connection
53%
2023 {Steckerlfisch}fiasko
48%
2015 {Zwetschgendatschi}komplott
46%
Keine übereinstimmenden Quizze gefunden
Verteilung der Resultate
Anzahl Personen mit jedem Resultat
Perzentil nach korrekt beantworteten Fragen
Ihre Resultats-Entwicklung
Sie haben dieses Quiz seit der letzten Aktualisierung nicht gespielt